000 00959nam0a22002891 4500
001 RU\INFOCOMM_318\NLR\5000085909
005 20250613102955.0
010 _98500 экз.
_bВ пер.
_d22 р.
035 _a(NLR Aleph) 009454662
090 _a8428045
_c8428045
100 _a20121205d1958 |||y0rusy50 ca
101 1 _aeng
_crus
102 _aRU
105 _ay z |||||
200 1 _aˆThe ‰house on the square
_e[A novel
_fE. Kazakevich
_gTransl. from the Rus. by M. Parker]
210 _aM.
_cForeign languages publ. house
_d[1958]
215 _a520 с.; 1 л. портр.
_cпортр.
_d20 см
225 1 _aLibrary of Soviet literature
620 _aМосква
686 _aЛх259(ан)2.б.
_2rubbk
700 1 _9z02790
_aKazakevič
_bE. G.
_f1913-1962
_gÉmmanuil Genrichovič
790 1 _9z02700
_aKazakevich
_bE.
_4070
801 1 _aRU
_bNLR
_c20121205
801 0 _aRU
_bINFOCOMM
_gPSBO
852 _aNLR
_jЛ31 Г-3/1151
942 _cBOOK
980 _aNB